Policies for basic food commodities 2003 - 2004

Saved in:
Bibliographic Details
Corporate Author: FAO
Format: Book
Language:Undetermined
Published: Rome, Italy FAO 2006
Subjects:
Tags: Add Tag
No Tags, Be the first to tag this record!
Institutions: Trung tâm Học liệu Trường Đại học Cần Thơ
LEADER 00516nam a2200193Ia 4500
001 CTU_130320
008 210402s9999 xx 000 0 und d
082 |a 338.1 
082 |b F686 
110 |a FAO 
245 0 |a Policies for basic food commodities 2003 - 2004 
245 0 |c FAO 
260 |a Rome, Italy 
260 |b FAO 
260 |c 2006 
650 |a Farm products,Food supply 
650 |x Government policy,Government policy 
904 |i Minh 
980 |a Trung tâm Học liệu Trường Đại học Cần Thơ